00482nam a2200145Ia 4500008004100000245010300041260001700144260000900161300000900170650002300179650001200202856003000214999001900244952007300263170516s9999 xx 000 0 und d 2aA Novel SNPs Detection Method Based on Gold Magnetic Nanoparticles Array and Single Base Extension bTheranostics c2012 a2:10 xMedical Technology xMedtech uhttp://www.thno.org/v2i10 c329926d329926 001040aCLbCLd2017-05-16l0r2017-05-16 00:00:00w2017-05-16yFOJ